000 00328nam a22001577a 4500
003 SGT
020 _a978-81-312-3601-7
082 _a615.015
_bB15S
100 _aSATYANARYANA,U
245 _aBIOCHEMISTRY
250 _a4TH
260 _aDELHI
_bELSEVIER
_c2015
300 _a792
650 _aBIOCHEMISTRY
942 _2ddc
_cBK
_012
999 _c8772
_d8772